<?xml version="1.0" encoding="UTF-8"?>
<record
    xmlns:xsi="http://www.w3.org/2001/XMLSchema-instance"
    xsi:schemaLocation="http://www.loc.gov/MARC21/slim http://www.loc.gov/standards/marcxml/schema/MARC21slim.xsd"
    xmlns="http://www.loc.gov/MARC21/slim">

  <leader>00467nam a22001817a 4500</leader>
  <controlfield tag="003">OSt</controlfield>
  <controlfield tag="005">20221115113622.0</controlfield>
  <controlfield tag="008">221115b        |||||||| |||| 00| 0 eng d</controlfield>
  <datafield tag="040" ind1=" " ind2=" ">
    <subfield code="c">MPSPC</subfield>
  </datafield>
  <datafield tag="245" ind1=" " ind2=" ">
    <subfield code="a">LSE:</subfield>
    <subfield code="b">CBE-Life sciences education </subfield>
  </datafield>
  <datafield tag="300" ind1=" " ind2=" ">
    <subfield code="a">Pages 1-241</subfield>
    <subfield code="b">ill.</subfield>
    <subfield code="c">30 cm. </subfield>
  </datafield>
  <datafield tag="336" ind1=" " ind2=" ">
    <subfield code="b">txt</subfield>
  </datafield>
  <datafield tag="337" ind1=" " ind2=" ">
    <subfield code="b">n</subfield>
  </datafield>
  <datafield tag="490" ind1=" " ind2=" ">
    <subfield code="v">Vol. 17, part 1 Spring 2018</subfield>
    <subfield code="x">1931-7913</subfield>
  </datafield>
  <datafield tag="650" ind1=" " ind2=" ">
    <subfield code="a">language </subfield>
    <subfield code="9">9699</subfield>
  </datafield>
  <datafield tag="650" ind1=" " ind2=" ">
    <subfield code="a">Current insights </subfield>
    <subfield code="9">59320</subfield>
  </datafield>
  <datafield tag="942" ind1=" " ind2=" ">
    <subfield code="2">ddc</subfield>
    <subfield code="c">SERIALS</subfield>
    <subfield code="n">0</subfield>
  </datafield>
  <datafield tag="999" ind1=" " ind2=" ">
    <subfield code="c">66343</subfield>
    <subfield code="d">66343</subfield>
  </datafield>
  <datafield tag="952" ind1=" " ind2=" ">
    <subfield code="0">0</subfield>
    <subfield code="1">0</subfield>
    <subfield code="2">ddc</subfield>
    <subfield code="4">0</subfield>
    <subfield code="7">0</subfield>
    <subfield code="8">Serials - Teacher Education</subfield>
    <subfield code="a">TADIAN</subfield>
    <subfield code="b">TADIAN</subfield>
    <subfield code="c">TADIAN 2F - PERIODICALS</subfield>
    <subfield code="d">2022-11-15</subfield>
    <subfield code="h">Vol. 17, part 1 Spring 2018</subfield>
    <subfield code="l">0</subfield>
    <subfield code="p">TPTED215v17p1</subfield>
    <subfield code="r">2022-11-15 00:00:00</subfield>
    <subfield code="w">2022-11-15</subfield>
    <subfield code="y">SERIALS</subfield>
  </datafield>
  <datafield tag="952" ind1=" " ind2=" ">
    <subfield code="0">0</subfield>
    <subfield code="1">0</subfield>
    <subfield code="2">ddc</subfield>
    <subfield code="4">0</subfield>
    <subfield code="7">0</subfield>
    <subfield code="8">Serials - Teacher Education</subfield>
    <subfield code="a">TADIAN</subfield>
    <subfield code="b">TADIAN</subfield>
    <subfield code="c">TADIAN 2F - PERIODICALS</subfield>
    <subfield code="d">2022-11-15</subfield>
    <subfield code="h">Vol. 17, part 2 Summer 2018 </subfield>
    <subfield code="l">0</subfield>
    <subfield code="p">TPTED216v17p2</subfield>
    <subfield code="r">2022-11-15 00:00:00</subfield>
    <subfield code="w">2022-11-15</subfield>
    <subfield code="y">SERIALS</subfield>
  </datafield>
  <datafield tag="952" ind1=" " ind2=" ">
    <subfield code="0">0</subfield>
    <subfield code="1">0</subfield>
    <subfield code="2">ddc</subfield>
    <subfield code="4">0</subfield>
    <subfield code="7">0</subfield>
    <subfield code="8">Serials - Teacher Education</subfield>
    <subfield code="a">TADIAN</subfield>
    <subfield code="b">TADIAN</subfield>
    <subfield code="c">TADIAN 2F - PERIODICALS</subfield>
    <subfield code="d">2022-11-17</subfield>
    <subfield code="h">Vol. 18. part 1 (Spring 2019)</subfield>
    <subfield code="l">0</subfield>
    <subfield code="p">TPTED217v18p1</subfield>
    <subfield code="r">2022-11-17 00:00:00</subfield>
    <subfield code="w">2022-11-17</subfield>
    <subfield code="y">SERIALS</subfield>
  </datafield>
  <datafield tag="952" ind1=" " ind2=" ">
    <subfield code="0">0</subfield>
    <subfield code="1">0</subfield>
    <subfield code="2">ddc</subfield>
    <subfield code="4">0</subfield>
    <subfield code="7">0</subfield>
    <subfield code="8">Serials - Teacher Education</subfield>
    <subfield code="a">TADIAN</subfield>
    <subfield code="b">TADIAN</subfield>
    <subfield code="c">TADIAN 2F - PERIODICALS</subfield>
    <subfield code="d">2022-11-17</subfield>
    <subfield code="l">0</subfield>
    <subfield code="p">TPTED219v172017</subfield>
    <subfield code="r">2022-11-17 00:00:00</subfield>
    <subfield code="w">2022-11-17</subfield>
    <subfield code="y">SERIALS</subfield>
  </datafield>
  <datafield tag="952" ind1=" " ind2=" ">
    <subfield code="0">0</subfield>
    <subfield code="1">0</subfield>
    <subfield code="2">ddc</subfield>
    <subfield code="4">0</subfield>
    <subfield code="7">0</subfield>
    <subfield code="8">Serials - Teacher Education</subfield>
    <subfield code="a">TADIAN</subfield>
    <subfield code="b">TADIAN</subfield>
    <subfield code="c">TADIAN 2F - PERIODICALS</subfield>
    <subfield code="d">2022-11-17</subfield>
    <subfield code="h">Volume 18, (Fall 2019)</subfield>
    <subfield code="l">0</subfield>
    <subfield code="p">TPTED220v182019</subfield>
    <subfield code="r">2022-11-17 00:00:00</subfield>
    <subfield code="w">2022-11-17</subfield>
    <subfield code="y">SERIALS</subfield>
  </datafield>
  <datafield tag="952" ind1=" " ind2=" ">
    <subfield code="0">0</subfield>
    <subfield code="1">0</subfield>
    <subfield code="2">ddc</subfield>
    <subfield code="4">0</subfield>
    <subfield code="7">0</subfield>
    <subfield code="8">Serials - Teacher Education</subfield>
    <subfield code="a">TADIAN</subfield>
    <subfield code="b">TADIAN</subfield>
    <subfield code="c">TADIAN 2F - PERIODICALS</subfield>
    <subfield code="d">2022-11-18</subfield>
    <subfield code="h">Vol. 17, Winter 2018</subfield>
    <subfield code="l">0</subfield>
    <subfield code="p">TPTED221v172018</subfield>
    <subfield code="r">2022-11-18 00:00:00</subfield>
    <subfield code="w">2022-11-18</subfield>
    <subfield code="y">SERIALS</subfield>
  </datafield>
  <datafield tag="952" ind1=" " ind2=" ">
    <subfield code="0">0</subfield>
    <subfield code="1">0</subfield>
    <subfield code="2">ddc</subfield>
    <subfield code="4">0</subfield>
    <subfield code="7">0</subfield>
    <subfield code="8">Serials - Teacher Education</subfield>
    <subfield code="a">TADIAN</subfield>
    <subfield code="b">TADIAN</subfield>
    <subfield code="c">TADIAN 2F - PERIODICALS</subfield>
    <subfield code="d">2022-11-18</subfield>
    <subfield code="h">Vol. 18, Summer 2019 </subfield>
    <subfield code="l">0</subfield>
    <subfield code="p">TPTED222v182019</subfield>
    <subfield code="r">2022-11-18 00:00:00</subfield>
    <subfield code="w">2022-11-18</subfield>
    <subfield code="y">SERIALS</subfield>
  </datafield>
</record>
